| 000 | 00541nam a2200193Ia 4500 | ||
|---|---|---|---|
| 003 | GCL | ||
| 008 | 140319s9999 xx 000 0 ara d | ||
| 040 |
_aGCL / _cGCL |
||
| 082 | 0 | 4 |
_a810.8 _bج ا |
| 245 | 1 | 0 | _aكتاب الاذكياء |
| 260 |
_a[S.N] : _bدار الكتب العلمية للنشر والتوزيع ، _c1985 |
||
| 300 | _a280 | ||
| 490 | _a | ||
| 650 | 0 | 4 | _aالشعر العربى |
| 650 | 0 | 4 | _aالادب العربى |
| 650 | 0 | 4 | _aالمرأة فى الادب |
| 650 | 0 | 4 | _aالمجموعات |
| 942 |
_2ddc _cBK |
||
| 999 |
_c54781 _d54781 |
||